000 00795nab a2200253 u 4500
001 20202
003 HDC
007 cr bn ---aaaaa
008 210304c20091224xx dr|noo 0 a eng d
040 _aHDC
245 4 _aThe World Halal Forum 2010
260 _a[No place] :
_b[publisher not identified],
_c2009
300 _a1 online resource
336 _atext
_2rdacontent
337 _acomputer
_2rdamedia
338 _aonline resource
_2rdacarrier
650 _aHalal Forum 2010
_918335
650 _ahalal industry
_9144
710 _aHalal Focus
856 _zRequest full-text at [email protected]
942 _2lcc
942 _cNEWS
942 _kNWSO 006348
999 _c17518
_d17518